[Event "Benidorm 2014 - Nuevas Generaciones s16"]
[Site "Benidorm ESP"]
[Date "2014.12.08"]
[Round "6.3"]
[White "Rodriguez Bou, Pedro"]
[Black "Torrents Senal, Marc"]
[Result "0-1"]
[WhiteElo "1377"]
[BlackElo "1819"]
[PlyCount "146"]
[EventDate "2014.12.05"]
[EventType "swiss"]
[EventRounds "6"]
[EventCountry "ESP"]
[SourceTitle "AjedrezenMadrid"]
[Source "lmi"]
[SourceDate "2014.12.05"]

1. d4 d5 2. Nf3 Nf6 3. e3 c5 4. c4 Bg4 5. dxc5 Nc6 6. h3 Bxf3 7. Qxf3 e6 8.
cxd5 Nxd5 9. Bd2 Bxc5 10. Bb5 Rc8 11. O-O O-O 12. Rc1 Qb6 13. Bxc6 Rxc6 14. b3
Rfc8 15. Nc3 Nxc3 16. Rxc3 Be7 17. Rac1 Rxc3 18. Rxc3 Rd8 19. Rc2 Bf6 20. Qg4
Qd6 21. Bc3 Qd1+ 22. Qxd1 Rxd1+ 23. Kh2 Bd8 24. Bd4 Kf8 25. Rc8 Ke7 26. Bxg7
Rd2 27. Bd4 Rxf2 28. Bxa7 Rxa2 29. Bd4 Kd7 30. Rc1 Bc7+ 31. Kg1 e5 32. Bc5 Rb2
33. Rc3 e4 34. b4 b6 35. Bf8 Bg3 36. Kf1 Rf2+ 37. Kg1 Re2 38. Rc1 Rxe3 39. Kf1
f5 40. Bg7 Rd3 41. Ke2 Bd6 42. b5 Rb3 43. g4 fxg4 44. hxg4 Rxb5 45. Rc4 Rg5 46.
Bd4 b5 47. Rc1 Rxg4 48. Rh1 Rg2+ 49. Ke3 Rh2 50. Rb1 Kc6 51. Kxe4 Rh4+ 52. Kd3
b4 53. Bf2 Rh3+ 54. Kc4 Rc3+ 55. Kd4 Bc5+ 56. Ke4 Bxf2 57. Rxb4 Rh3 58. Rc4+
Kd6 59. Rc2 Bc5 60. Kf5 h5 61. Rd2+ Ke7 62. Re2+ Kf7 63. Rc2 Be7 64. Rg2 Ra3
65. Rh2 h4 66. Kg4 Kg6 67. Re2 Bf6 68. Re6 Ra4+ 69. Kh3 Kf5 70. Re1 Ra3+ 71.
Kh2 Be5+ 72. Kh1 Ra2 73. Rg1 Rh2# 0-1

[Event "Benidorm 2014 - Nuevas Generaciones s16"]
[Site "Benidorm ESP"]
[Date "2014.12.08"]
[Round "6.4"]
[White "Gimeno Simo, Sergio"]
[Black "Llados Clos, Jaume"]
[Result "0-1"]
[WhiteElo "1730"]
[BlackElo "1619"]
[PlyCount "100"]
[EventDate "2014.12.05"]
[EventType "swiss"]
[EventRounds "6"]
[EventCountry "ESP"]
[SourceTitle "AjedrezenMadrid"]
[Source "lmi"]
[SourceDate "2014.12.05"]

1. e4 Nf6 2. e5 Nd5 3. d4 d6 4. c4 Nb6 5. exd6 exd6 6. Bd3 Be7 7. Ne2 Nc6 8.
Nbc3 O-O 9. Be3 Re8 10. O-O Bg5 11. Bxg5 Qxg5 12. Ne4 Qd8 13. N4g3 d5 14. c5
Nd7 15. Rc1 Nf6 16. Bb1 Bg4 17. f3 Bd7 18. Qd3 Qe7 19. a3 Qe3+ 20. Kh1 Qxd3 21.
Bxd3 Re3 22. Rfd1 Rae8 23. b4 Nb8 24. b5 c6 25. a4 g6 26. Rb1 Bc8 27. Rb2 g5
28. Kg1 g4 29. Kf2 h5 30. h4 gxh3 31. gxh3 Bxh3 32. Bf5 Bxf5 33. Nxf5 Ra3 34.
bxc6 Nxc6 35. Rg1+ Kf8 36. Rg3 Nd8 37. Nf4 Rxa4 38. Nd3 Nc6 39. Rxb7 Ra2+ 40.
Nb2 Rb8 41. Rc7 Raxb2+ 42. Ke3 Nd8 43. Kf4 Ne6+ 44. Ke5 Nxc7 45. Kxf6 Re8 46.
Rh3 Rg2 47. Nd6 Re6+ 48. Kf5 Rgg6 49. Rxh5 Rh6 50. Rg5 Reg6 0-1